| 000 | 00528nam a22001817a 4500 | ||
|---|---|---|---|
| 003 | 0 | ||
| 005 | 20240111083636.0 | ||
| 008 | 240111b xxu||||| |||| 00| 0 eng d | ||
| 020 | _a978-0-545-68898-7 | ||
| 050 |
_aER _bIa11 2015 |
||
| 082 |
_aER _bIa11 2015 |
||
| 100 | _aChurch, Caroline Jayne | ||
| 245 |
_aI am a big sister! _cCaroline Jayne Church |
||
| 260 |
_aNew York _bScholastic, Inc. _cc2015. |
||
| 300 |
_aunnumbered pages : _bcolored illustrations ; _c19cm. |
||
| 650 | _aChildren's stories. | ||
| 942 |
_2ddc _cBK |
||
| 999 |
_c365841 _d365841 |
||